LEADER 01234cam0-22003851i-450- 001 990005549990403321 005 20141204100600.0 035 $a000554999 035 $aFED01000554999 035 $a(Aleph)000554999FED01 035 $a000554999 100 $a19990604d1967----km-y0itay50------ba 101 1 $aita$cger 102 $aIT 105 $ay-------001yy 200 1 $aRiforma cattolica o Controriforma?$etentativo di chiarimento dei concetti con riflessi sul Concilio di Trento$fHubert Jedin 205 $a2. ed. 210 $aBrescia$cMorcelliana$d1967 215 $a96 p.$d24 cm 225 1 $aStudi storici$v1 304 $aTraduzione di Marola Guarducci 454 0$12001$aKatholische Reformation oder Gegenreformation?$932055 610 0 $aChiesa$aStoria$aSec. 16. 676 $a270.6$v21$zita 700 1$aJedin,$bHubert$f<1900-1980>$07629 801 0$aIT$bUNINA$gRICA$2UNIMARC 901 $aBK 912 $a990005549990403321 952 $aXXI COLLEZIONE 148 (1)$b95862$fFGBC 952 $a270.6 JED 2$bST.MED.MOD. 2852$fFLFBC 952 $a270.6 JED 2 BIS$bST. REL. 121$fFLFBC 959 $aFGBC 959 $aFLFBC 996 $aKatholische Reformation oder Gegenreformation$932055 997 $aUNINA LEADER 02928oam 2200613 c 450 001 9910563059903321 005 20240525094506.0 024 7 $a10.3726/b12620 035 $a(CKB)4340000000238906 035 $a(oapen)https://directory.doabooks.org/handle/20.500.12854/33544 035 $a(PH02)9783954790531 035 $a(oapen)doab33544 035 $a(EXLCZ)994340000000238906 100 $a20240525d1999 uy 0 101 0 $ager 135 $aurnnunnnannuu 181 $ctxt$2rdacontent 182 $cc$2rdamedia 183 $acr$2rdacarrier 200 15$aEine diskursanalytische Betrachtung des rok-samizdat in der Sowjetunion und ihren Nachfolgestaaten in der Periode zwischen 1967 und 1994$fMartin Bergmann 205 $a1st, New ed. 210 $aFrankfurt a.M$cPH02$d1999 215 $a1 online resource (235 p.)$c, EPDF 225 0 $aSlavistische Beitra?ge$v384 300 $aPeter Lang GmbH, Internationaler Verlag der Wissenschaften 311 08$a3-95479-053-X 327 $aTeil I - Der Konstruktive Funktionalismus von Finke - Die Theorie der Zweiten Wirklichkeit - Inhaltsanalyse - S?cepanskaja: Simvolika molodez?noj subkuTtury. Opyt e?tnografiCeskogo issledovanija - sistemy 1986-1989 gg - Erga?nzungsvorschla?ge - Teil II - Das Sample - Publikationen und Analyseeinheiten - Eine diskursanalytische Betrachtung von: anon [Il'ja Smirnov], 1990, Kolonka redaktora In: URLAJT, 7 - Ergebnisse der diskursanalytischen Betrachtung des Korpus 330 $aIn der vorliegenden Arbeit wird das Pha?nomen des rok - samizdat in der Sowjetunion und deren Nachfolgestaaten in der Periode zwischen 1967 und 1994 diskursanalytisch betrachtet. Im ersten Teil der Arbeit wird das verwendete diskursanalytische Instrumentarium dargestellt, im zweiten Teil wird selbiges auf ausgewa?hlte Texte angewendet. Der rok-samizdat stellt eine Form des samizdat dar, der, wie im Laufe der vorliegenden Arbeit gezeigt werden soll, thematisch schwerpunktma?ßig auf den Bereich der (Rock-) Musik beschra?nkt ist. 606 $alinguistics$2bicssc 610 $a1967 610 $a1994 610 $aBergmann 610 $aBetrachtung 610 $aDie Wort-Satz-Relation 610 $adiskursanalytische 610 $aEine 610 $aihren 610 $akonstruktiver Funktionalismus 610 $aKulturstratifíkation 610 $aNachfolgestaaten 610 $aNicht-interdiskursive Sprachelemente 610 $aPeriode 610 $asamizdat 610 $aSowjetunion 610 $aZweite Wirklichkeit 610 $azwischen 615 7$alinguistics 700 $aBergmann$b Martin$4aut$0392136 801 0$bPH02 801 1$bPH02 906 $aBOOK 912 $a9910563059903321 996 $aEine diskursanalytische Betrachtung des rok-samizdat in der Sowjetunion und ihren Nachfolgestaaten in der Periode zwischen 1967 und 1994$93020833 997 $aUNINA